00440pab a2200145 454500008004000000100002100040245010600061260000900167300001200176362000800188650001500196650001400211650002600225773004300251180718b2006 xxu||||| |||| 00| 0 eng d aChirayath, Susan aA study of the relationship between personality and stress resistance/management ability in employees c2006 ap.7-22. aMay aManagement aEmployees aOccupational diseases aIcfaian Journal of Management Research